| 000 | 01495cam a2200229 4500 | ||
|---|---|---|---|
| 001 | L130884 | ||
| 008 | 050912n2005 000 0 eng u | ||
| 035 | _a(Sirsi) u130884 | ||
| 041 | 0 | _aeng | |
| 110 |
_aOffice of the Deputy Prime Minister _94685 |
||
| 245 |
_aEvaluation of the starter home initiative _bfinal report |
||
| 260 |
_aLondon _bODPM _c2005 |
||
| 520 | _aThis ODPM commissioned research assesses the effectiveness of the Starter Home Initiative (SHI). The research was designed to give interim results which would provide transferable lessons for future key worker housing provision from April 2004. SHI has been the vanguard of the government programme of delivering affordable housing to help address problems of the recruitment and retention of key workers and therefore supporting the delivery of key public services. The research covers the scheme manager experience, national and regional stakeholders and employers, value for money and targeting, the purchaser experience of the SHI and makes recommendations. | ||
| 590 | _aIKA130905 | ||
| 650 |
_aAffordable housing _96215 |
||
| 690 | _aPROPERTY-RESIDENTIAL PROPERTY-RESIDENTIAL PROPERTY DEVELOPMENT | ||
| 710 |
_aThree Dragons _94680 |
||
| 710 |
_aHeriot Watt University _bSchool of the Built Environment _94760 |
||
| 710 |
_aMORI Social Research _94761 |
||
| 856 |
_uhttps://www.communities.gov.uk/archived/publications/housing/evaluation2 _zView the final report free of charge at www.dclg.gov.uk... |
||
| 942 | _n0 | ||
| 999 |
_c104592 _d104592 |
||